| 000 | 00925nam a2200229 a 4500 | ||
|---|---|---|---|
| 001 | 45046 | ||
| 003 | BD-RjUL | ||
| 005 | 20211209053944.0 | ||
| 008 | 160721s1962 bg ||||| |||| 00| 0 ben d | ||
| 020 | _c: PRs.2.62 | ||
| 035 | _a(BD-RjUL)45164 | ||
| 040 |
_aBD-RjUL _bben _cBD-RjUL _dBD-RjUL |
||
| 041 | _aben | ||
| 082 |
_223 _a891.4409 _bTHA 1962 |
||
| 100 |
_aথানেশ্বরী, মুহম্মদ জাফর _9132012 |
||
| 245 | 1 | 0 |
_aআন্দামান বন্দীর আত্নকাহিনী / _cমুহম্মদ জাফর থানেশ্বরী |
| 260 |
_aঢাকা : _bবাঙলা একাডেমী, _c১৯৬২ |
||
| 300 |
_a৮৯ পৃ. ; _c২৪ সেমি. |
||
| 650 |
_aবাংলা সাহিত্য _vইতিহাস ও সমালোচনা _9117445 |
||
| 650 |
_aBengali literature _vHistory and Criticism _9138005 |
||
| 942 |
_2ddc _cBK |
||
| 999 |
_c45046 _d45046 |
||